000 00294nam a22001337a 4500
008 171023b xxu||||| |||| 00| 0 eng d
020 _a9789995632007
041 _aalb
080 _a338
100 _a54
101 _aMEN
245 _aMENAXHIMI I OPERACIONEVE
_cPANARITI,S
942 _2udc
_cBK
999 _c35453
_d35453